000 00623nam a2200181Ia 4500
003 GCL
008 140319s9999 xx 000 0 ara d
040 _aGCL /
_cGCL
082 0 4 _a415.5
_bع م
100 1 _aعلى بهاءالدين يوخدور
245 1 0 _aالمدخل النحوى: تطبيق وتدريب فى النحو العربى /
_cعلى بهاءالدين يوخدور
260 _a[S.N] :
_bالمؤسسة الجامعية للدراسات والنشر والتوزيع ،
_c1987
300 _a317 ص
490 _a
650 0 4 _aالنحو
650 0 4 _aاللغة العربية
942 _2ddc
_cBK
999 _c53749
_d53749